书目信息 |
| 题名: |
丝绸之路经济带产业集群价值网络的演化与重构
|
|
| 作者: | 雷宏振 著 | |
| 分册: | ||
| 出版信息: | 西安 陕西师范大学出版社 2016 |
|
| 页数: | 14,382页 | |
| 开本: | 24cm | |
| 丛书名: | 丝绸之路通鉴 | |
| 单 册: | ||
| 中图分类: | F269.23 | |
| 科图分类: | ||
| 主题词: | 丝绸之路--经济带--产业集群--研究--中国 | |
| 电子资源: | ||
| ISBN: | 978-7-5613-8632-3 | |
| 000 | 01489oam2 2200337 450 | |
| 001 | 5876 | |
| 005 | 20180529231146.76 | |
| 010 | @a978-7-5613-8632-3@dCNY50.00 | |
| 100 | @a20171018d2016 em y0chiy50 ea | |
| 101 | 0 | @achi |
| 102 | @aCN@b610100 | |
| 105 | @aa az 000yy | |
| 200 | 1 | @a丝绸之路经济带产业集群价值网络的演化与重构@9si chou zhi lu jing ji dai chan ye ji qun jia zhi wang luo de yan hua yu chong gou@f雷宏振[等]著 |
| 210 | @a西安@c陕西师范大学出版社@d2016 | |
| 215 | @a14,382页@c图@d24cm | |
| 225 | 1 | @a丝绸之路通鉴@v卷九@f甘晖主编 |
| 300 | @a陕西师范大学“一带一路”智库集成 | |
| 304 | @a著者还有:贾妮莎、兰娟丽、孙军娜、李芸 | |
| 314 | @a雷宏振,陕西师范大学国际商学院教授,博导,亚洲开发银行技术援助项目公共管理与政策专家,中国(西安)丝绸之路研究院学术委员会委员。 | |
| 314 | @a贾妮莎,陕西师范大学国际商学院理论经济学师资博士后。 | |
| 314 | @a兰娟丽,陕西师范大学国际商学院国民经济学博士。 | |
| 314 | @a孙军娜,陕西师范大学国际商学院国民经济学博士。 | |
| 314 | @a李芸,陕西师范大学国际商学院国民经济学博士。 | |
| 320 | @a有书目(第371-382页) | |
| 330 | @a本书通过丝绸之路经济带产业集群发展演化的过程、集群价值网络结构的分析,提出丝绸之路经济带产业集群价值网络的特征;在此基础上,针对演化过程中存在的问题,提出网络重构的设想和对策建议。 | |
| 461 | 0 | @12001 @a丝绸之路通鉴 |
| 606 | 0 | @a丝绸之路@x经济带@x产业集群@x研究@y中国 |
| 690 | @aF269.23@v5 | |
| 701 | 0 | @a雷宏振@9lei hong zhen@4著 |
| 801 | 0 | @aCN@b91MARC@c20171018 |
| 905 | @aMuseLib@dF269.23@e270 | |
| 丝绸之路经济带产业集群价值网络的演化与重构/雷宏振[等]著.-西安:陕西师范大学出版社,2016 |
| 14,382页:图;24cm.-(丝绸之路通鉴;卷九/甘晖主编) |
| 陕西师范大学“一带一路”智库集成 |
| ISBN 978-7-5613-8632-3:CNY50.00 |
| 本书通过丝绸之路经济带产业集群发展演化的过程、集群价值网络结构的分析,提出丝绸之路经济带产业集群价值网络的特征;在此基础上,针对演化过程中存在的问题,提出网络重构的设想和对策建议。 |
| ● |
| 相关链接 |
|
|
|
|
正题名:丝绸之路经济带产业集群价值网络的演化与重构
索取号:F269.23/270
 
预约/预借
| 序号 | 登录号 | 条形码 | 馆藏地/架位号 | 状态 | 备注 |
| 1 | 1115394 | 211153945 | 第一样本阅览室/ [索取号:F269.23/270] | 在馆 | |
| 2 | 1115395 | 211153954 | 教育系资料室/ [索取号:F269.23/270] | 在馆 | |
| 3 | 1115396 | 211153963 | 教育系资料室/ [索取号:F269.23/270] | 在馆 |